000 00765cab a2200241 4500
001 WB3213-13
008 090401t1996 xxu||||| |||| 00| 0 eng d
035 _a(Sirsi) u60593
041 _aeng
245 _aGreenwich millennium project
260 _c1996
350 _a0
490 _aFinancial Times
_v25 March 1996, 15(1)
520 _aThe National Lottery fund has granted £11.8m to the National Maritime Museum to develop its millennium exhibition Neptune Court project.
650 _aGREENWICH ROYAL NAVAL COLLEGE
650 _aMILLENNIUM EXHIBITION
650 _aNATIONAL LOTTERY FUND
650 _aNATIONAL MARITIME MUSEUM
650 _aNEPTUNE COURT PROJECT
690 _aPROPERTY-PROPERTY DEVELOPMENT
942 _n0
948 _c04/03/1997
999 _c37403
_d37403